Introduction à la théorie des sites et son application à la construction des préschémas quotients /

Guardado en:
Autor Principal: Miyanishi, Masayoshi, 1940-
Formato: Libro
Idioma:French
Publicado: Montréal : Presses de l'Université de Montréal, 1971.
Series:Séminaire de mathématiques supérieures ; 47
Materias:
Etiquetas: Agregar Etiqueta
Sin Etiquetas, Sea el primero en etiquetar este registro!
LEADER 00884cam a22002415a 4500
001 MAT.inmabb004691
008 830808s1971####quc######b####000#0#fre##
005 20130304130505.0
245 1 0 |a Introduction à la théorie des sites et son application à la construction des préschémas quotients /  |c par Masayoshi Miyanishi. 
260 |a Montréal :  |b Presses de l'Université de Montréal,  |c 1971. 
300 |a 96 p. ;  |c 28 cm. 
440 0 |a Séminaire de mathématiques supérieures ;  |v 47 
504 |a Bibliografía: p. [91]-92. 
510 4 |a MR,  |c 50 #2165 
020 |a 0840501749 
100 1 |a Miyanishi, Masayoshi,  |d 1940- 
650 0 |a Geometry, Algebraic. 
650 0 |a Sheaf theory. 
650 0 |a Group schemes (Mathematics) 
084 |a 14A15 (14F20 14L99 14M15 18F10 20L99)  |2 msc2000 
010 |a  72038498  
040 |a DLC  |c CarP  |d DLC 
859 |h 14  |i M685  |p A-4456  |b BIB. MATEMATICA